000 00454nam a2200169Ia 4500
005 20250508150234.0
008 008 250505s9999 xx 000 0 eng d
037 _aBooks to be hide in OPAC
040 _aFEDL
_beng
_cFEDL
041 _aeng
_2eng
084 _qFEDL
245 0 _aColumbia encyclopedia in one volume
260 _aNew York, USA
_b Columbia University Press
_c1946
300 _a1949p.
942 _cHB
999 _c1322574
_d1322574